000 00423nam a2200169Ia 4500
008 230711s9999||||xx |||||||||||||| ||und||
020 _a978-81-8052-161-4
041 _aENG
082 _a332.1
_bHA-M
100 _aHajela,T.N
245 0 _aMoney,Banking and Publica Finance
250 _a8th Ed.
260 _c2009
_aNew Delhi
_bAne Books Pvt.Ltd
300 _a355p.
650 _aUNIVESITY BUSNIESS SCHOOL
942 _cBK
999 _c6415
_d6415